| 000 | 00664cam a22002411 4500 | ||
|---|---|---|---|
| 001 | af 47003776 | ||
| 003 | DLC | ||
| 005 | 20260227110821.0 | ||
| 008 | 810130s1946 fr b 000 0 fre | ||
| 010 | _aaf 47003776 | ||
| 035 | _a(OCoLC)7094976 | ||
| 040 |
_aDLC _cNNU _dDLC |
||
| 042 | _apremarc | ||
| 050 | 0 | 0 |
_aDC397 _b.V2 |
| 100 | 1 | _aVaast, Emile. | |
| 245 | 1 | 3 | _aLa double déchéance à la double libération. |
| 260 |
_aParis, _bR. Simon _c[1946] |
||
| 300 |
_a192 p. _c19 cm. |
||
| 490 | 0 | _aCollection littéraire | |
| 504 | _aBibliographical foot-notes. | ||
| 650 | 0 |
_aWorld War, 1939-1945 _zFrance. |
|
| 650 | 0 |
_aReconstruction (1939-1951) _zFrance. |
|
| 999 |
_c2328 _d2328 |
||